| 000 | 00704nam a2200241Ia 4500 | ||
|---|---|---|---|
| 003 | OSt | ||
| 005 | 20221007071946.0 | ||
| 006 | a|||||r|||| 00| 0 | ||
| 007 | ta | ||
| 008 | 221006b |||||||| |||| 00| 0 eng d | ||
| 024 | _a21,713 | ||
| 037 | _cReference Collections | ||
| 040 |
_aFLL _cFLL _beng |
||
| 041 |
_2eng _aeng |
||
| 082 | _aZ1:A5y7N45, H6.23 | ||
| 110 |
_aInt. Military Tribunal _9689737 |
||
| 245 | 0 | _aTrial of German major war criminals | |
| 260 |
_aLondon _bMajesty's Stationery Office USA _c1951 |
||
| 300 |
_avii,684p _ccm. |
||
| 700 |
_aInt. Military Tribunal _9689738 |
||
| 942 |
_hZ1:A5y7N45, H6.23 _cREF _2CC |
||
| 999 |
_c1144787 _d1144787 |
||